Städte in Griechenland - Sudden Death - Statistiken

Allgemein
  • Dieses Quiz wurde 217 mal gespielt
  • Das Durchschnittsergebnis liegt bei 10 aus 15
Answers on the Grid
Answers color-coded by a green-red scale on the quiz's grid according to % correct below.
Athen
Thessaloniki
Patras
Larissa
Iraklio
Rhodos
Sparta
Piräus
Kalamata
Xanthi
Trikala
Ioannina
Chania
Zakynthos
Mykonos
Elbasan
Dubrovnik
Edirne
Burgas
Limassol
Antalya
Syrakus
Luxor
Siena
Bari
Parma
Granada
Mostar
Koper
Pula
 
Antwortstatistiken
Antwort % Korrekt
Athen
87%
Thessaloniki
84%
Mykonos
78%
Rhodos
76%
Piräus
75%
Zakynthos
71%
Iraklio
70%
Patras
61%
Sparta
60%
Kalamata
58%
Ioannina
52%
Xanthi
50%
Larissa
45%
Chania
44%
Trikala
40%
Keine übereinstimmenden Quizze gefunden
Verteilung der Resultate
Anzahl Personen mit jedem Resultat
Perzentil nach korrekt beantworteten Fragen
Ihre Resultats-Entwicklung
Sie haben dieses Quiz noch nicht gespielt